000 00301nam a2200133Ia 4500
003 Ost
005 20260225132557.0
008 260225s9999||||xx |||||||||||||| ||und||
040 _cfsic
041 _afre
082 _a302.23
245 0 _aL'Audiovisuel dans la formation agricole /
942 _cكتاب
999 _c34512
_d34512